00980nam a22002531 450000100060000000300080000600500170001400800390003103500190007004000270008904100080011608200210012410000280014524500700017326000370024330000370028050000340031750400390035165000230039094200120041399900170042595201400044295201440058216129BD-RjUL20211208235947.0140211s1957 nyua b 001 0 eng a(BD-RjUL)16184 aDLCcDLCdBD-RjULbeng aeng00a374.24bZES 19571 aZelko, Harold P.94992710aSuccessful conference and discussion techniques /cHarold P Zelko aNew York :bMcGraw-Hill,cc1957. axiii, 264 p. :billus. ;c21 cm. a"Text edition."--Dust jacket. aIncludes bibliography and indexes. 0aDiscussion.949928 2ddccBK c16129d16129 00102ddc40718NFICaRUCLbRUCLcReadingd2065-09-27eZeitlingerg29.00l0o374.24 ZES 1957r2014-02-11 00:00:00tC-1w2014-02-11yBK 00102ddc40708NFICaRUCLbRUCLcStackd1966-06-30eMiza Book Agenceg13.75l0o374.24 ZES 1957r2021-08-17 00:00:00tC-2w2021-08-17yBK